书目信息 |
| 题名: |
化学分离富集方法及应用
|
|
| 作者: | 《化学分离富集方法及应用》编委会 编著 | |
| 分册: | ||
| 出版信息: | 长沙 中南工业大学出版社 2000.03 |
|
| 页数: | 685页 | |
| 开本: | 32开 | |
| 丛书名: | ||
| 单 册: | ||
| 中图分类: | O652.6 | |
| 科图分类: | ||
| 主题词: | 分析化学 , 分析(化学) | |
| 电子资源: | ||
| ISBN: | 7-81020-930-2 | |
| 000 | 00704nam0 2200205 45 | |
| 001 | 0007241643 | |
| 005 | 20000724161015.5 | |
| 010 | @a7-81020-930-2@d35.00元 | |
| 100 | @a20000724d2000 km y0chiy0120 ea | |
| 101 | 0 | @achi |
| 105 | @a z 000yy | |
| 200 | 1 | @a化学分离富集方法及应用@AHua Xue Fen Li Fu Ji Fang Fa Ji Ying Yong@f《化学分离富集方法及应用》编委会 编著@F《Hua Xue Fen Li Fu Ji Fang Fa Ji Ying Yong》Bian Wei Hui Bian Zhu |
| 210 | @a长沙@c中南工业大学出版社@d2000.03 | |
| 215 | @a685页@d32开 | |
| 606 | 0 | @a分析化学 |
| 606 | 0 | @a分析(化学) |
| 690 | @aO652.6@v3 | |
| 701 | 0 | @a《化学分离富集方法及应用》编委会@4编著 |
| 801 | @aCN@bPftUser@c20000724 | |
| 905 | @b76636-640@dO652.6@eH:256@f5 | |
| 化学分离富集方法及应用/《化学分离富集方法及应用》编委会 编著.-长沙:中南工业大学出版社,2000.03 |
| 685页;32开 |
| ISBN 7-81020-930-2:35.00元 |
| ● |
| 相关链接 |
|
|
|
正题名:化学分离富集方法及应用
索取号:O652.6/H:256
 
预约/预借
| 序号 | 登录号 | 条形码 | 馆藏地/架位号 | 状态 | 备注 |
| 1 | 76636 | 200766368 | 自科库401/401自科库 65排7列3层/ [索取号:O652.6/H:256] | 在馆 | |
| 2 | 76637 | 200766377 | 材料与化工学院资料室/ [索取号:O652.6/H:256] | 在馆 | |
| 3 | 76638 | 200766386 | 材料与化工学院资料室/ [索取号:O652.6/H:256] | 在馆 | |
| 4 | 76639 | 200766395 | 自科二线504/504自科库 27排2列4层/ [索取号:O652.6/H:256] | 在馆 | |
| 5 | 76640 | 200766402 | 材料与化工学院资料室/ [索取号:O652.6/H:256] | 在馆 |